Представление документа в формате RUSMARC

Поле Инд. ПП Название Значение
Тип записи a
Библиографический уровень a
001 Контрольный номер dd3427f66c7245c088bc8b39f81c6d13
005 Дата корректировки 20181120134524.8
100 a Данные общей обработки 20180808 ||| 0rusy0189 ca
101 0_ a Язык текста rus
102 a Страна публикации RU
200 1_ f Первые сведения об ответственности Т.Т. Алиев
a Заглавие Судейское усмотрение в цивилистическом процессе: теоретические и практические аспекты
210 d Дата издания 2018
461 _0 1 2000
a Арбитражный и гражданский процесс
463 _0 1 2000
a №6
v С. 26-29
1 2101
d 2018
1 00131c06063526a4cbd85b6cca8feedb80d
606 a Основная рубрика Гражданское процессуальное право
610 0_ a Ключевые слова ГРАЖДАНСКИЙ ПРОЦЕСС
a Ключевые слова ДОКАЗЫВАНИЕ
a Ключевые слова УСМОТРЕНИЕ СУДЕБНОЕ
700 _1 a Фамилия Алиев
b Имя Т.Т.
801 _0 a Страна RU
b Организация РГУП
c Дата составления 20180808
g Правила каталогизации PSBO
801 _1 a Страна RU
b Организация РГУП
c Дата составления 20180808
g Правила каталогизации PSBO
901 t Тип документа b
w Контрольный № источника 31c06063526a4cbd85b6cca8feedb80d
905 a Дата ввода 20180808